| 000 | 00436cam a2200193ua 4500 | ||
|---|---|---|---|
| 001 | 7681 | ||
| 008 | 141220n ii |||gr||||Z||||||ben | ||
| 040 | _cMAIN | ||
| 041 | _aben | ||
| 082 | _a782.42 | ||
| 100 |
_aGhosh, S., _eAuthor. |
||
| 245 | 1 |
_aA Aamir aabaran _cBy Sangkha Ghosh |
|
| 250 | _a1st. | ||
| 260 |
_aCalcutta: _bPyapirash, _c1991. |
||
| 300 | _a167p. | ||
| 653 | _aVocal music | ||
| 653 | _aBengali songs | ||
| 942 | _cBK | ||
| 999 |
_c6803 _d6803 |
||